Ultimate Homophones Quiz - Statistics

General Stats
  • This quiz has been taken 575 times
    574 since last reset
  • The average score is 51 of 71
Answer Stats
Word Homophone #1 % Correct
Aloud Allowed
96%
Bail Bale
96%
Dear Deer
93%
Creak Creek
90%
Bated Baited
89%
Desert Dessert
89%
Days Daze
87%
Which Witch
87%
Hail Hale
86%
To Too
86%
To Two
86%
Pail Pale
85%
There Their
85%
In Inn
84%
Weakly Weekly
84%
Guessed Guest
83%
Reign Rain
83%
Eaves Eves
82%
Fairs Fares
82%
Pain Pane
82%
Cash Cache
81%
Gate Gait
81%
Hair Hare
81%
Pair Pare
81%
Wine Whine
81%
Flowered Floured
80%
Lie Lye
80%
Won One
80%
Peel Peal
80%
Vain Vane
80%
Rapper Wrapper
80%
Idle Idol
79%
Past Passed
79%
Miners Minors
78%
Tide Tied
78%
Barren Baron
76%
Needed Kneaded
76%
Pair Pear
76%
Vain Vein
76%
Gest Jest
75%
Mall Maul
74%
There They're
74%
Boy Buoy
73%
Waited Weighted
73%
Sacks Sax
70%
Coffer Cougher
69%
Faint Feint
69%
Handmade Handmaid
69%
Paid Payed
69%
Reign Rein
69%
Phases Fazes
67%
Paced Paste
67%
Packed Pact
65%
Packs Pax
65%
Hanger Hangar
63%
Haves Halves
58%
Grieves Greaves
57%
Islet Eyelet
56%
Hostile Hostel
56%
Raid Rayed
54%
Spier Spire
54%
Draft Draught
52%
Which Wich
51%
Illicit Elicit
47%
Chance Chants
44%
Gamble Gambol
42%
Mach Mock
39%
Correspondence Correspondents
37%
Idle Idyll
37%
Sacks Sacs
35%
Missable Miscible
11%
No matching quizzes found
Score Distribution
Percent of People with Each Score
Percentile by Number Answered
Your Score History
You have not taken this quiz since the last reset